| 000 | 00729nam a2200181 i 4500 | ||
|---|---|---|---|
| 001 | 164862 | ||
| 003 | ES-MaACL | ||
| 005 | 20251015063146.0 | ||
| 008 | 931025s1821 sp |||| | spa d | ||
| 100 | 1 |
_aSay, Jean Baptiste, _d1767-1832 _9132518 |
|
| 245 | 1 | 0 |
_aTratado de Economia Politica _b: o exposición sencilla del modo con que se forman, se distribuyen y conservan las riquezas / _cpor Juan Bautista Say ; nueva traducción por D. Juan Sanchez Rivera. |
| 250 | _a4ª ed. corr. y acum. | ||
| 260 |
_aMadrid : _b[s.n.], _c1821 ( _fImp. de Fermin Villalpando) |
||
| 300 |
_a2 v. ; _c21 cm. |
||
| 700 | 1 |
_aSanchez Rivera, Juan. _9132390 |
|
| 852 |
_aES-MaACL _jC-3350-51 _z-- Enc. pasta |
||
| 999 |
_c164862 _d164862 |
||